000 00559cam a22002291 4500
001 sa 65008007
003 DLC
005 20260227112152.0
008 900220s1962 ii 000 0 sano
010 _asa 65008007
035 _a(OCoLC)21097787
040 _aDLC
_cWaU
_dDLC
041 0 _asanhin
042 _apremarc
050 0 0 _aPK3521
_b.P7 1962
130 0 _aUpanishads.
_pPraśnopaniṣad.
245 0 0 _aPraśnopaniṣad.
260 _c[1962]
300 _a10, 102 p.
_c18 cm.
500 _aHindi or Sanskrit.
700 0 _aDiwan Chand,
_d1888-
999 _c65479
_d65479